[Event "POL-chT 1 Liga 2019"]
[Site "Dzwirzyno"]
[Date "2019.09.07"]
[Round "1.28"]
[White "Redlich, Bogdan"]
[Black "Winiarski, Mikolaj"]
[Result "1/2-1/2"]
[WhiteElo "1600"]
[BlackElo "2213"]
[Annotator "ChessBase"]
[PlyCount "86"]
[EventDate "2019.09.07"]
[EventType "team-tourn"]
[EventCountry "POL"]
[SourceTitle "playchess.com"]
[Source "ChessBase"]
[SourceQuality "1"]
[TimeControl "40/5400+30:1800+30"]

1. d4 {[%emt 0:00:00]} Nf6 {[%emt 0:00:00]} 2. Nf3 {[%emt 0:00:00]} e6 {[%emt 0:00:12]} 3. c4 {[%emt 0:00:43]} b6 {[%emt 0:00:07]} 4. g3 {[%emt 0:00:15]} Bb7 {[%emt 0:04:09]} 5. Bg2 {[%emt 0:01:40]} Bb4+ {[%emt 0:03:43]} 6. Bd2 {[%emt 0:05:33]} Bxd2+ {[%emt 0:04:36]} 7. Qxd2 {[%emt 0:06:07]} O-O {[%emt 0:02:31]} 8. Nc3 {[%emt 0:02:38]} Ne4 {[%emt 0:13:38]} 9. Nxe4 {[%emt 0:06:09]} Bxe4 {[%emt 0:00:04]} 10. O-O {[%emt 0:00:10]} d6 {[%emt 0:17:37]} 11. Nh4 {[%emt 0:07:39]} Bxg2 {[%emt 0:02:44]} 12. Nxg2 {[%emt 0:01:33]} Nd7 {[%emt 0:00:34]} 13. Rfd1 {[%emt 0:09:10]} Qe7 {[%emt 0:05:33]} 14. Nf4 {[%emt 0:08:36]} Rae8 {[%emt 0:01:36]} 15. b4 {[%emt 0:05:31]} e5 {[%emt 0:11:50]} 16. dxe5 {[%emt 0:08:43]} Nxe5 {[%emt 0:03:29]} 17. Qc3 {[%emt 0:02:12]} Ng6 {[%emt 0:15:50]} 18. Nd5 {[%emt 0:07:20]} Qd7 {[%emt 0:05:03]} 19. Rd2 {[%emt 0:07:57]} Re4 {[%emt 0:03:00]} 20. f3 {[%emt 0:02:47]} Re5 {[%emt 0:00:25]} 21. b5 {[%emt 0:04:48]} f5 {[%emt 0:01:50]} 22. a4 {[%emt 0:02:36]} f4 {[%emt 0:01:26]} 23. Nxf4 {[%emt 0:00:50]} Nxf4 {[%emt 0:00:53]} 24. Qxe5 {[%emt 0:01:17]} Qh3 {[%emt 0:00:04]} 25. Qxf4 {[%emt 0:00:14]} Rxf4 {[%emt 0:00:03]} 26. gxf4 {[%emt 0:00:08]} Qe6 {[%emt 0:00:04]} 27. e4 {[%emt 0:03:31]} Qxc4 {[%emt 0:00:09]} 28. Raa2 {[%emt 0:00:15]} h5 {[%emt 0:01:59]} 29. Rac2 {[%emt 0:01:00]} Qxa4 {[%emt 0:00:31]} 30. Rxc7 {[%emt 0:00:31]} Qxb5 {[%emt 0:00:41]} 31. Rxd6 {[%emt 0:01:44]} a5 {[%emt 0:00:34]} 32. Rdd7 {[%emt 0:01:04]} Qb1+ {[%emt 0:00:17]} 33. Kg2 {[%emt 0:00:21]} Qb2+ {[%emt 0:00:06]} 34. Kg3 {[%emt 0:00:21]} h4+ {[%emt 0:00:50]} 35. Kxh4 {[%emt 0:00:48]} Qf6+ {[%emt 0:00:20]} 36. Kg4 {[%emt 0:00:53]} a4 {[%emt 0:00:18]} 37. f5 {[%emt 0:02:06]} a3 {[%emt 0:01:09]} 38. Ra7 {[%emt 0:01:04]} Qb2 {[%emt 0:00:28]} 39. Ra8+ {[%emt 0:00:11]} Kh7 {[%emt 0:00:10]} 40. Rdd8 {[%emt 0:00:00]} Qg2+ {[%emt 0:00:00]} 41. Kf4 {[%emt 0:00:58]} Qxh2+ {[%emt 0:01:01]} 42. Ke3 {[%emt 0:01:39]} Qg1+ {[%emt 0:00:22]} 43. Kf4 {[%emt 0:00:58]} Qh2+ {[%emt 0:06:06]} 1/2-1/2

[Event "POL-chT 1 Liga 2019"]
[Site "Dzwirzyno"]
[Date "2019.09.07"]
[Round "1.29"]
[White "Kokoszczynski, Jan"]
[Black "Kelm, Robert"]
[Result "1-0"]
[WhiteElo "2289"]
[BlackElo "1585"]
[Annotator "ChessBase"]
[PlyCount "63"]
[EventDate "2019.09.07"]
[EventType "team-tourn"]
[EventCountry "POL"]
[SourceTitle "playchess.com"]
[Source "ChessBase"]
[SourceQuality "1"]
[TimeControl "40/5400+30:1800+30"]

1. d4 {[%emt 0:00:00]} d5 {[%emt 0:00:50]} 2. c4 {[%emt 0:00:38]} dxc4 {[%emt 0:02:07]} 3. Nf3 {[%emt 0:00:11]} Nf6 {[%emt 0:00:06]} 4. e3 {[%emt 0:00:36]} e6 {[%emt 0:01:03]} 5. Bxc4 {[%emt 0:00:32]} c5 {[%emt 0:03:31]} 6. O-O {[%emt 0:00:40]} a6 {[%emt 0:01:36]} 7. a4 {[%emt 0:02:13]} Nbd7 {[%emt 0:02:47]} 8. Nc3 {[%emt 0:01:58]} Be7 {[%emt 0:07:58]} 9. Qe2 {[%emt 0:10:36]} cxd4 {[%emt 0:09:39]} 10. exd4 {[%emt 0:01:55]} Nb6 {[%emt 0:03:20]} 11. Bb3 {[%emt 0:02:26]} O-O {[%emt 0:05:06]} 12. Re1 {[%emt 0:07:28]} h6 {[%emt 0:04:14]} 13. Bf4 {[%emt 0:08:44]} Nbd5 {[%emt 0:02:17]} 14. Be5 {[%emt 0:00:10]} Bb4 {[%emt 0:00:02]} 15. Qd3 {[%emt 0:08:23]} Ba5 {[%emt 0:16:05]} 16. Nd2 {[%emt 0:10:09]} Nxc3 {[%emt 0:27:22]} 17. bxc3 {[%emt 0:01:30]} Bc7 {[%emt 0:00:33]} 18. f4 {[%emt 0:09:18]} Bd7 {[%emt 0:00:59]} 19. Bc2 {[%emt 0:01:28]} g6 {[%emt 0:00:11]} 20. Re3 {[%emt 0:03:30]} Kh7 {[%emt 0:01:25]} 21. Rg3 {[%emt 0:02:42]} Rg8 {[%emt 0:00:07]} 22. Rf1 {[%emt 0:01:39]} Rc8 {[%emt 0:01:43]} 23. Nf3 {[%emt 0:09:56]} Rg7 {[%emt 0:03:05]} 24. Rh3 {[%emt 0:01:17]} h5 {[%emt 0:00:26]} 25. Bxf6 {[%emt 0:05:50]} Qxf6 {[%emt 0:00:06]} 26. Ne5 {[%emt 0:00:05]} Be8 {[%emt 0:00:21]} 27. Rxh5+ {[%emt 0:00:36]} Kg8 {[%emt 0:00:09]} 28. Rh6 {[%emt 0:01:28]} b5 {[%emt 0:00:41]} 29. Qh3 {[%emt 0:00:33]} Kf8 {[%emt 0:00:24]} 30. Ng4 {[%emt 0:01:06]} Qd8 {[%emt 0:01:43]} 31. Rh8+ {[%emt 0:00:05]} Ke7 {[%emt 0:00:17]} 32. Qh6 {[%emt 0:00:09]} 1-0

[Event "POL-chT 1 Liga 2019"]
[Site "Dzwirzyno"]
[Date "2019.09.07"]
[Round "1.30"]
[White "Miturova, Magdalena"]
[Black "Moscicka, Pola"]
[Result "0-1"]
[WhiteElo "2219"]
[BlackElo "1994"]
[Annotator "ChessBase"]
[PlyCount "78"]
[EventDate "2019.09.07"]
[EventType "team-tourn"]
[EventCountry "POL"]
[SourceTitle "playchess.com"]
[Source "ChessBase"]
[SourceQuality "1"]
[TimeControl "40/5400+30:1800+30"]

1. e4 {[%emt 0:00:00]} c5 {[%emt 0:00:00]} 2. Nf3 {[%emt 0:00:00]} Nc6 {[%emt 0:00:00]} 3. d4 {[%emt 0:00:04]} cxd4 {[%emt 0:00:00]} 4. Nxd4 {[%emt 0:00:05]} Nf6 {[%emt 0:00:14]} 5. Nc3 {[%emt 0:00:07]} e5 {[%emt 0:00:14]} 6. Ndb5 {[%emt 0:00:48]} d6 {[%emt 0:00:08]} 7. Bg5 {[%emt 0:01:07]} a6 {[%emt 0:00:16]} 8. Bxf6 {[%emt 0:00:36]} gxf6 {[%emt 0:00:30]} 9. Na3 {[%emt 0:00:08]} b5 {[%emt 0:00:15]} 10. Nd5 {[%emt 0:00:09]} Bg7 {[%emt 0:00:38]} 11. Bd3 {[%emt 0:03:59]} Ne7 {[%emt 0:03:21]} 12. Nxe7 {[%emt 0:02:55]} Qxe7 {[%emt 0:00:22]} 13. c3 {[%emt 0:02:57]} O-O {[%emt 0:04:05]} 14. Nc2 {[%emt 0:04:04]} f5 {[%emt 0:07:57]} 15. exf5 {[%emt 0:11:07]} e4 {[%emt 0:02:04]} 16. Be2 {[%emt 0:01:17]} Bxf5 {[%emt 0:01:59]} 17. Qd5 {[%emt 0:16:02]} Bg6 {[%emt 0:17:56]} 18. h4 {[%emt 0:12:24]} Rac8 {[%emt 0:04:19]} 19. Rd1 {[%emt 0:06:39]} Rfd8 {[%emt 0:05:45]} 20. h5 {[%emt 0:09:01]} Rc5 {[%emt 0:02:13]} 21. hxg6 {[%emt 0:06:00]} Rxd5 {[%emt 0:01:14]} 22. gxh7+ {[%emt 0:00:08]} Kh8 {[%emt 0:00:40]} 23. Rxd5 {[%emt 0:00:08]} Rc8 {[%emt 0:07:27]} 24. a4 {[%emt 0:14:33]} bxa4 {[%emt 0:05:00]} 25. Bxa6 {[%emt 0:04:32]} Rc5 {[%emt 0:02:28]} 26. Rxc5 {[%emt 0:00:40]} dxc5 {[%emt 0:00:08]} 27. Bc4 {[%emt 0:00:45]} Qg5 {[%emt 0:04:05]} 28. Ne3 {[%emt 0:01:11]} a3 {[%emt 0:02:05]} 29. bxa3 {[%emt 0:00:36]} Bxc3+ {[%emt 0:00:47]} 30. Kf1 {[%emt 0:00:40]} Qf4 {[%emt 0:04:25]} 31. Rh5 {[%emt 0:01:53]} Bd4 {[%emt 0:03:47]} 32. Rf5 {[%emt 0:00:32]} Qb8 {[%emt 0:01:33]} 33. Kg1 {[%emt 0:00:38]} Bxe3 {[%emt 0:02:53]} 34. fxe3 {[%emt 0:00:03]} Qg3 {[%emt 0:00:40]} 35. Rxf7 {[%emt 0:00:57]} Qxe3+ {[%emt 0:02:37]} 36. Kh2 {[%emt 0:00:05]} Qh6+ {[%emt 0:01:18]} 37. Kg3 {[%emt 0:00:20]} Qd6+ {[%emt 0:03:08]} 38. Kg4 {[%emt 0:00:57]} e3 {[%emt 0:00:35]} 39. Kf3 {[%emt 0:00:27]} Qd1+ {[%emt 0:03:33]} 0-1